000
00320nam a22001337a 4500
020
_a
9789380027722
082
_a
620.106
100
_a
Upadhyay, A.K.
245
_a
Fluid Mechanics (Hydraulics)
260
_a
New Delhi :
_b
S.K.Kataria & Sons,
_c
2012.
300
_a
405 p. ;
_b
24 cm.
500
_a
Paperback.
942
_c
BK
999
_c
34192
_d
34192